AUDIO AMPLIFIERS DESIGN (Record no. 585614)

000 -LEADER
fixed length control field 00276nam a22001217a 4500
020 ## - INTERNATIONAL STANDARD BOOK NUMBER
International Standard Book Number 572-00437-0
082 ## - DEWEY DECIMAL CLASSIFICATION NUMBER
Classification number 621.38412 WAT'A
100 ## - MAIN ENTRY--PERSONAL NAME
Personal name WATERS, F. I
9 (RLIN) 80721
245 ## - TITLE STATEMENT
Title AUDIO AMPLIFIERS DESIGN
260 ## - PUBLICATION, DISTRIBUTION, ETC.
Place of publication, distribution, etc. ENGLAND
Name of publisher, distributor, etc. W. FOULSHAM
Date of publication, distribution, etc. 1967
300 ## - PHYSICAL DESCRIPTION
Extent 160P
942 ## - ADDED ENTRY ELEMENTS (KOHA)
Koha item type Book
Holdings
Withdrawn status Lost status Damaged status Not for loan Permanent Location Current Location Shelving location Date acquired Total Checkouts Full call number Barcode Date last seen Price effective from Koha item type
        College of Electrical & Mechanical Engineering (CEME) College of Electrical & Mechanical Engineering (CEME) General Stacks 07/10/2017   621.38412 WAT'A CEME-4803 06/28/2021 06/28/2021 Book
© 2023 Central Library, National University of Sciences and Technology. All Rights Reserved.